01585ngm a2200265uu 4500001000800000005001700008007000600025008004100031020001500072035001200087040001300099041000800112080000600120110003900126245001300165260003800178300003000216505018200246520074700428650002901175650003201204650003001236650002201266650003101288145660920260508090633.0vd||v161206s2009 spa  a9588107261 a1456609 ccomduadb aspa aV20aDiscovery Communications4auteaut10aFísica aBogotá :bMST.V & Video,c2009. a9 DVDs :bsonido y color. aCONTENIDO : VOLUMEN 1: Capítulo 1: La ley de la caída de los cuerpos. -- Capítulo 2: La inercia.-- VOLUMEN 2: Capítulo 1: Óptica. -- Capítulo 2: Las leyes de Newton.3 aRESUMEN : "Una colección con diferentes contenidos del estudio de la física; mecánica; óptica, calor, electricidad y física atómica. Los videos representan una clase de física conducida por un profesor. Iniciada la clase, se presentan imágenes que recrean la vida de algunos famosos científicos y los problemas que debieron resolver en el centro cultural de su época. Para la explicación de las fórmulas, leyes, etc., se recurre a la animación gráfica. El relato y la explicación de las imágenes visuales es a través de una voz en "off". Los contenidos de esta colección se refieren a la asignatura de física, pero puede ser usada en las de ciencias naturales, química, ciencias humanas y filosofía." aNewton, Isaac, 1642-1727 7aFísicaxEnseñanza2lemb 7aFísicavTeorías2lemb aÓptica física aDocumentales de television